| 000 | 00412 a2200121 4500 | ||
|---|---|---|---|
| 999 |
_c433 _d433 |
||
| 003 | NUST | ||
| 005 | 20170511165538.0 | ||
| 008 | 170511b xxu||||| |||| 00| 0 eng d | ||
| 020 | _a0750658657 | ||
| 040 | _cNUST | ||
| 082 | _a388.041 | ||
| 100 |
_aSlinn, Mike. _9393 |
||
| 245 |
_aTraffic engineering design : _bprinciples and practice _cMike Slinn, Peter Guest and Paul Matthews. |
||
| 260 |
_aOxford : _bButterworth Heinemann, _c2005. |
||
| 300 |
_aviii, 232 p. : _bill. ; _c25 cm. |
||
| 650 |
_aTraffic engineering. _9394 |
||
| 650 |
_aTraffic engineering _zGreat Britain. _9395 |
||
| 942 |
_2ddc _cBK |
||